000 00739ngm a2200229 a 4500
005 20220316235753.0
008 121119q20002009ck --- g s00 vuspa
020 _a9580803048
041 0 _aspa
082 0 4 _a741.5
_bB43C2
245 1 0 _aCómo hacer caricaturas, 2
_hvideograbación
_cBruce Blitz y Judy Pansullo
250 _aPrimera edición
300 _a1 videocasete
650 1 4 _aCaricatura
_xEnseñanza
_vVideocasetes
_2LEMB
650 1 4 _aHumorismo
_xEnseñanza
_vVideocasetes
_2LEMB
942 _2ddc
_cVIDEOCASET
264 _aBogotá
_bCírculo de Lectores
_c[200-?]
336 _atexto
_btxt
_2rdacontent
337 _asin mediación
_bn
_2rdamedia
338 _avolumen
_bnc
_2rdacarrier
040 _aCO-BoRNBP
_bspa
_erda
_cCO-BoRNBP
999 _c2102
_d2102